00453 2200169 4500001002100000008004100021035002000062245008600082100001800168250000600186260003100192300001200223084001400235082000800249650001400257990001200271INLIS000000000001022 ind  a0010-0524000257 a101 Fakta Maksiat Yang Membuatmu Pasti Akan Segera MeninggalkannyacUmi Azizah K. aAzizah K, Umi a1 aYogyakarta :bAraskac2019 a248 hlm a200 UMI f a200 aNon Fiksi a0744000